|
|
|
|
| LEADER |
00000nam0a2200000 4500 |
| 001 |
23286 |
| 005 |
20231030195300.0 |
| 035 |
|
|
|a (RuTPU)RU\TPU\book\23504
|
| 035 |
|
|
|a BOOK00023577
|
| 090 |
|
|
|a 23286
|
| 100 |
|
|
|a 20011209d1976 m y0rusy50 ca
|
| 101 |
0 |
|
|a ger
|a rus
|
| 102 |
|
|
|a RU
|
| 105 |
|
|
|a y j 000zy
|
| 200 |
1 |
|
|a Пособие по развитию навыков устной речи по теме "Научная конференция"
|e немецкий язык
|f Е. К. Зингер [и др.]
|
| 210 |
|
|
|a Москва
|c Наука
|d 1976
|
| 215 |
|
|
|a 65 с.
|
| 610 |
1 |
|
|a немецкий язык
|
| 610 |
1 |
|
|a устная речь
|
| 610 |
1 |
|
|a разговорная речь
|
| 610 |
1 |
|
|a деловое общение
|
| 610 |
1 |
|
|a научные конференции
|
| 610 |
1 |
|
|a учебные пособия
|
| 686 |
|
|
|a Ш143.24-923.4
|v LBC/SL-A
|2 rubbk
|
| 700 |
|
1 |
|a Зингер
|b Е. К.
|g Елена Константиновна
|
| 701 |
|
1 |
|a Миляева
|b Р. П.
|g Раиса Петровна
|
| 701 |
|
1 |
|a Таранович
|b Ю. В.
|g Юрий Владимирович
|
| 701 |
|
1 |
|a Яковенко
|b К. А.
|
| 801 |
|
0 |
|a RU
|b 63413507
|c 20011209
|g PSBO
|
| 801 |
|
2 |
|a RU
|b 63413507
|c 20081016
|g PSBO
|
| 942 |
|
|
|c BK
|